000 00668cam a2200217 a 4500
001 4474465
005 20180205091910.0
008 960809s1996 nyu 001 0 eng
010 _a 96077893
020 _a0681805706
040 _aDLC
_cDLC
041 _aeng
080 _a811.008 STU
082 0 0 _a811.008 STU
_221
100 _a21
101 _aGJL
245 0 2 _aA treasury of poems :
_ccompiled by Sarah Anne Stuart.
906 _a7
_bcbc
_corignew
_d2
_eopcn
_f19
_gy-gencatlg
942 _2ddc
_cBK
999 _c41822
_d41822